Derecho y justc̕ia. Lo suyo de cada uno vigencia del Derecho Natural /

Bibliographic Details
Main Author: Ibaęz Santa Mara̕, Gonzalo
Format: Book
Language:Spanish
Published: [Chile] : Editorial jurd̕ica de Chile, 2010
Series:Tratados
Subjects:
Online Access:Acceso restringido

MARC

LEADER 00000nam a22000007a 4500
005 20111028103953.0
008 111028s2010 cl ||||| |||| 00||0 spa d
020 |a 956-10-2052-1 
035 |a 5982 
040 |a vLex 
090 |c 2715  |d 2715 
100 1 |a Ibaęz Santa Mara̕, Gonzalo 
245 1 0 |a Derecho y justc̕ia. Lo suyo de cada uno  |h [Recurso electrn̤ico] :  |b vigencia del Derecho Natural /  |c Gonzalo Ibaęz Santa Mara̕  
256 |a Servicio en ln̕ea. 
260 |a [Chile] :  |b Editorial jurd̕ica de Chile,  |c 2010 
300 |a 1 recurso electrn̤ico 
490 0 |a Tratados 
500 |a En este tratado se examina la respuesta que histr̤icamente se ha dado a esta crucial cuestin̤ en la que se entremezcla el derecho y la justicia, comenzando por los juristas romanos, para avanzar en su desarrollo por el mundo occidental, hasta llegar a nuestros da̕s. Tambiň se ocupa de exponer los principales elementos de la ciencia jurd̕ica as ̕formada, para terminar con una exposicin̤ sobre el individualismo ťico y su proyeccin̤ polt̕ica y jurd̕ica. 
506 1 |a Contenido solo disponible en los productos indicados  |d vLex Global  |d vLex Global (Academic Edition, excluding Law Schools)  |d vLex Global (U.S. Academic Edition, Law Schools)  |d vLex Global (U.S. Academic Edition, excluding Law Schools)  |d vLex Global (Academic Edition, Law Schools) 
650 0 4 |a Derecho Natural  |z Chile 
740 0 |a vLex Libros (Servicio en ln̕ea) 
856 4 0 |u http://vlex.com/source/5982  |z Acceso restringido 
942 |c BOOK